000 00353 a2200109 4500
001 ART_12929
005 20260410161909.0
008 260409a
245 1 0 _aTeoria de las restricciones y throughput en una fabrica de turbos
100 1 _aSmolje, Alejandro R.
773 0 _tCostos y gestión
_g- Año 15, Nº 58 (dic. 2005)
_wREV12786
999 _c26680
_d26680